[Event "4NCL/Div3/MIN vs. HKF2"]
[Site "Birmingham ENG"]
[Date "2005.11.20"]
[Round "4.3"]
[White "Richards, Heather"]
[Black "Therrien, Alex"]
[Result "0-1"]
[WhiteElo "2239"]
[BlackElo "2278"]
[PlyCount "132"]
[EventDate "2005.11.20"]
[EventType "team"]
[EventRounds "11"]
[EventCountry "ENG"]
[SourceDate "2005.10.25"]

1. e4 c5 2. c3 e6 3. d4 cxd4 4. cxd4 d5 5. e5 Nc6 6. Nc3 Nge7 7. Nf3 Nf5 8. Be3
Be7 9. Bd3 O-O 10. O-O b6 11. Rc1 Bb7 12. a3 Na5 13. Nd2 f6 14. b4 Nc6 15. Bxf5
exf5 16. f4 fxe5 17. fxe5 f4 18. Bf2 Qd7 19. Qf3 Nd8 20. g3 g5 21. gxf4 Rxf4
22. Qe3 Ne6 23. Ne2 Rf7 24. Bg3 Rg7 25. Qd3 h5 26. Kh1 h4 27. Be1 Bc6 28. Nc3
Nf4 29. Qe3 Rf8 30. Bxh4 gxh4 31. Rxf4 Rxf4 32. Qxf4 Bg5 33. Qf2 Qe6 34. Rf1
Qh6 35. Nf3 Be3 36. Qxh4 Qxh4 37. Nxh4 Bxd4 38. b5 Bb7 39. Nf5 Bxc3 40. Nxg7
Kxg7 41. e6 Bf6 42. Rc1 d4+ 43. Kg1 Bd5 44. Rc7+ Kg6 45. e7 Kf7 46. Kf2 Bxe7
47. Ke2 Ke6 48. Kd3 Bf6 49. Rxa7 Ke5 50. Rd7 Ke6 51. Ra7 Kd6 52. a4 Kc5 53. a5
Bc4+ 54. Ke4 bxa5 55. Rxa5 d3 56. Ra7 d2 57. Rd7 Bg5 58. h4 Bh6 59. Kf3 Bxb5
60. Rd8 Kc4 61. Ke2 Kc3+ 62. Kd1 Ba4+ 63. Ke2 Kc2 64. Rc8+ Kb2 65. Rd8 Kc1 66.
Rc8+ Bc2 0-1

[Event "4NCL/Div3/MIN vs. HKF2"]
[Site "Birmingham ENG"]
[Date "2005.11.20"]
[Round "4.4"]
[White "Chipanga, Takaedza"]
[Black "Parker, Robert"]
[Result "0-1"]
[WhiteElo "2223"]
[BlackElo "2087"]
[PlyCount "110"]
[EventDate "2005.11.20"]
[EventType "team"]
[EventRounds "11"]
[EventCountry "ENG"]
[SourceDate "2005.10.25"]

1. d4 Nf6 2. c4 e6 3. Nf3 Bb4+ 4. Nc3 b6 5. Bg5 h6 6. Bh4 Bb7 7. e3 O-O 8. Qc2
c5 9. Bd3 cxd4 10. exd4 Nc6 11. O-O-O Be7 12. a3 d5 13. Kb1 Rc8 14. Bxf6 Bxf6
15. cxd5 exd5 16. Bf5 Rc7 17. Nb5 Re7 18. g4 g6 19. Bd3 a6 20. Nc3 Bg7 21. h4
b5 22. Ne2 b4 23. a4 Qb6 24. Qc5 Bxd4 25. Qxb6 Bxb6 26. h5 g5 27. Ng3 Bxf2 28.
Nf5 Re6 29. Rhf1 Be3 {=} 30. Rfe1 Bf4 31. N3d4 Nxd4 32. Nxd4 Ree8 33. Nf5 Re6
34. Nd4 Ree8 35. Nf5 Re6 36. Re2 Rxe2 37. Bxe2 Re8 38. Bf3 Re6 39. Bxd5 Bxd5
40. Rxd5 b3 41. Rd1 Kh7 42. Rf1 Re4 43. a5 {=} Be5 44. Ne7 f6 45. Nd5 Rxg4 46.
Kc1 Rc4+ 47. Kb1 Kg7 48. Rf3 Rd4 49. Ne3 Kf7 50. Rf1 Ke6 51. Re1 Re4 52. Ka1 f5
53. Kb1 f4 54. Ng2 Rxe1+ 55. Nxe1 g4 0-1

[Event "4NCL/Div3/MIN vs. HKF2"]
[Site "Birmingham ENG"]
[Date "2005.11.20"]
[Round "4.5"]
[White "Hardman, Michael J"]
[Black "Burrows, Martin P"]
[Result "1/2-1/2"]
[WhiteElo "2138"]
[BlackElo "2200"]
[PlyCount "31"]
[EventDate "2005.11.20"]
[EventType "team"]
[EventRounds "11"]
[EventCountry "ENG"]
[SourceDate "2005.10.25"]

1. e4 c5 2. Nf3 d6 3. d4 cxd4 4. Nxd4 Nf6 5. Nc3 a6 6. Be2 e5 7. Nb3 Be7 8. O-O
O-O 9. Be3 Be6 10. f4 exf4 11. Bxf4 Nc6 12. Kh1 Rc8 13. Nd4 Nxd4 14. Qxd4 Ne8
15. e5 dxe5 16. Qxd8 1/2-1/2

[Event "4NCL/Div3/MIN vs. HKF2"]
[Site "Birmingham ENG"]
[Date "2005.11.20"]
[Round "4.6"]
[White "Buckley, Melanie"]
[Black "Howell, Christopher"]
[Result "1-0"]
[WhiteElo "2145"]
[BlackElo "2147"]
[PlyCount "83"]
[EventDate "2005.11.20"]
[EventType "team"]
[EventRounds "11"]
[EventCountry "ENG"]
[SourceDate "2005.10.25"]

1. e4 c5 2. Nc3 Nc6 3. f4 g6 4. Nf3 Bg7 5. Bb5 Nd4 6. O-O Nxb5 7. Nxb5 a6 8.
Nc3 b5 9. Qe1 Bb7 10. d3 d5 11. e5 e6 12. d4 cxd4 13. Nxd4 Ne7 14. Be3 h5 15.
Nce2 Rc8 16. a4 bxa4 17. Rxa4 Rc4 18. Ra1 Nf5 19. Nxf5 gxf5 20. c3 d4 21. Nxd4
Qd5 22. Qe2 h4 23. h3 Bf8 24. Nf3 Re4 25. b4 Qc6 26. Rac1 Be7 27. Qd2 Rg8 28.
Rc2 Rc4 29. Rf2 Qc8 30. Kh2 Be4 31. Rc1 Rg3 32. Ng5 Bb7 33. Nh7 Qc6 34. Rc2 Rg7
35. Nf6+ Bxf6 36. exf6 Rg6 37. Bd4 Qd5 38. Qe2 Rh6 39. Rd2 Qc6 40. Bc5 Rxf6 41.
Qxc4 Rg6 42. Qd4 1-0

[Event "4NCL/Div3/MIN vs. HKF2"]
[Site "Birmingham ENG"]
[Date "2005.11.20"]
[Round "4.7"]
[White "Hawkins, Nick"]
[Black "Crombleholme, Alan K"]
[Result "1/2-1/2"]
[WhiteElo "2036"]
[BlackElo "2117"]
[PlyCount "47"]
[EventDate "2005.11.20"]
[EventType "team"]
[EventRounds "11"]
[EventCountry "ENG"]
[SourceDate "2005.10.25"]

1. e4 c5 2. Nf3 d6 3. d4 cxd4 4. Nxd4 Nf6 5. Nc3 Nc6 6. Bg5 e6 7. Qd2 Be7 8.
O-O-O O-O 9. f4 Nxd4 10. Qxd4 Qa5 11. Be2 Bd7 12. Kb1 Bc6 13. Bf3 Rfd8 14. Qe3
h6 15. h4 Kf8 16. Bxf6 Bxf6 17. Rd3 Rac8 18. g4 g6 19. g5 Bxc3 20. Rxc3 h5 21.
Rd1 Ba4 22. Rdd3 Rxc3 23. Rxc3 Bc6 24. Ra3 1/2-1/2

[Event "4NCL/Div3/MIN vs. HKF2"]
[Site "Birmingham ENG"]
[Date "2005.11.20"]
[Round "4.8"]
[White "Parmar, Amisha"]
[Black "Almond, Richard"]
[Result "1/2-1/2"]
[WhiteElo "1960"]
[BlackElo "2096"]
[PlyCount "49"]
[EventDate "2005.11.20"]
[EventType "team"]
[EventRounds "11"]
[EventCountry "ENG"]
[SourceDate "2005.10.25"]

1. e4 d5 2. exd5 Qxd5 3. Nf3 Bg4 4. Be2 Nc6 5. O-O O-O-O 6. c4 Qd7 7. h3 Bf5 8.
a3 Nf6 9. b4 g5 10. b5 Nd4 11. Nxd4 Qxd4 12. Ra2 Bd3 13. Bxd3 Qxd3 14. Qc2 Ne4
15. Qxd3 Rxd3 16. Re1 Nc5 17. Re3 f6 18. Bb2 e5 19. Kf1 Be7 20. Ke2 Rhd8 21.
Bc3 e4 22. g4 Nb3 23. Rc2 Nd4+ 24. Bxd4 R8xd4 25. Rxe4 1/2-1/2

[Event "4NCL/Div3/HKFC vs. BRI2"]
[Site "Birmingham ENG"]
[Date "2005.11.20"]
[Round "4.1"]
[White "Fowler, Simon"]
[Black "Collier, David O"]
[Result "1/2-1/2"]
[WhiteElo "2202"]
[BlackElo "2122"]
[PlyCount "120"]
[EventDate "2005.11.20"]
[EventType "team"]
[EventRounds "11"]
[EventCountry "ENG"]
[SourceDate "2005.10.25"]

1. d4 Nf6 2. Bg5 d5 3. Nd2 Nbd7 4. Ngf3 h6 5. Bh4 e6 6. e3 Be7 7. Bd3 c5 8. c3
b6 9. O-O Bb7 10. Ne5 Nxe5 11. dxe5 Nd7 12. Bxe7 Qxe7 13. f4 O-O-O 14. a4 c4
15. Bc2 f6 16. Qh5 fxe5 17. fxe5 Qg5 18. Qxg5 hxg5 19. Nf3 g4 20. Ng5 Rh5 21.
Nf7 Rf8 22. Bg6 Rh4 23. Rf4 Kb8 24. g3 Rh3 25. Rxg4 Nc5 26. Kg2 Rh7 27. Bxh7
Rxf7 28. Rf4 Re7 29. Kg1 Bc8 30. Bc2 Nd7 31. h4 Nxe5 32. Raf1 Kc7 33. h5 Bd7
34. g4 Be8 35. Kg2 Nd7 36. Rh1 e5 37. Rf2 e4 38. Rf5 Ne5 39. Kg3 Bd7 40. Rf4
Nd3 41. Bxd3 exd3 42. Kf2 Bxa4 43. Rd4 Rf7+ 44. Kg2 Re7 45. g5 Re5 46. g6 Bc2
47. Kf3 Rf5+ 48. Kg4 Rf2 49. Rf4 Rg2+ 50. Kf3 Rg5 51. Rf7+ Kd6 52. Kf4 Rg2 53.
Rxg7 d2 54. h6 Rh2 55. Rg1 Rxh6 56. Kg5 Rh2 57. Rg8 Rg2+ 58. Rxg2 d1=Q 59. g7
Bh7 60. Rd8+ Ke7 1/2-1/2

[Event "4NCL/Div3/HKFC vs. BRI2"]
[Site "Birmingham ENG"]
[Date "2005.11.20"]
[Round "4.2"]
[White "Dilleigh, Stephen P"]
[Black "Tavoularis, Nicholas"]
[Result "0-1"]
[WhiteElo "2149"]
[BlackElo "2211"]
[PlyCount "56"]
[EventDate "2005.11.20"]
[EventType "team"]
[EventRounds "11"]
[EventCountry "ENG"]
[SourceDate "2005.10.25"]

1. d4 f5 2. g3 Nf6 3. Bg2 g6 4. c3 d6 5. Nf3 e6 6. O-O Bg7 7. Nbd2 O-O 8. Qc2
Bd7 9. Qb3 Qc8 10. Ng5 Nc6 11. Nh3 Kh8 12. Nf4 e5 13. d5 exf4 14. dxc6 Bxc6 15.
Bxc6 bxc6 16. gxf4 c5 17. Nf3 Qa6 18. Re1 Rae8 19. Kf1 Ne4 20. Ng5 Nxg5 21.
fxg5 Re4 22. f3 Rh4 23. Kg2 Be5 24. h3 c4 25. Qd1 f4 26. e3 Qc8 27. Rh1 Qf5 28.
exf4 Rxf4 0-1

[Event "4NCL/Div3/HKFC vs. BRI2"]
[Site "Birmingham ENG"]
[Date "2005.11.20"]
[Round "4.3"]
[White "Hagesaether, Arne"]
[Black "Curtis, John"]
[Result "0-1"]
[WhiteElo "2177"]
[BlackElo "2126"]
[PlyCount "84"]
[EventDate "2005.11.20"]
[EventType "team"]
[EventRounds "11"]
[EventCountry "ENG"]
[SourceDate "2005.10.25"]

1. e4 d6 2. d4 Nf6 3. Nc3 e5 4. Nf3 Nbd7 5. Bc4 Be7 6. h3 c6 7. Bb3 O-O 8. Be3
a6 9. Qe2 b5 10. Rd1 Qc7 11. dxe5 dxe5 12. a3 Nc5 13. Bxc5 Bxc5 14. O-O Nh5 15.
Nh2 Ng3 16. Qd3 Nxf1 17. Kxf1 Be6 18. Bxe6 fxe6 19. Nf3 Rad8 20. Qe2 Bd4 21.
Rd3 c5 22. Nd1 c4 23. Rd2 c3 24. bxc3 Bxc3 25. Rxd8 Rxd8 26. Ng5 Qe7 27. h4 h6
28. Nxc3 hxg5 29. hxg5 Qxg5 30. g3 Rd2 31. Qf3 Rxc2 32. Kg2 Qd2 33. Nd1 Qe2 34.
Qb3 Qxe4+ 35. Kh2 Qc4 36. Qf3 Qe2 37. Qa8+ Kh7 38. Qd8 Rd2 39. Qh4+ Kg8 40. Qe7
Qh5+ 41. Kg2 Rxd1 42. Qe8+ Qxe8 0-1

[Event "4NCL/Div3/HKFC vs. BRI2"]
[Site "Birmingham ENG"]
[Date "2005.11.20"]
[Round "4.4"]
[White "Humphreys, Jerry"]
[Black "Wildig, Robert H"]
[Result "1/2-1/2"]
[WhiteElo "2084"]
[BlackElo "2110"]
[PlyCount "85"]
[EventDate "2005.11.20"]
[EventType "team"]
[EventRounds "11"]
[EventCountry "ENG"]
[SourceDate "2005.10.25"]

1. e4 c5 2. Nf3 e6 3. Nc3 d6 4. d4 cxd4 5. Nxd4 Nf6 6. Be2 Be7 7. Be3 Nc6 8.
O-O Bd7 9. f4 O-O 10. Kh1 Nxd4 11. Bxd4 Bc6 12. Bd3 Ne8 13. Qg4 g6 14. Rae1 Bf6
15. Bxf6 Nxf6 16. Qh3 Kg7 17. Re3 Qa5 18. e5 Nd5 19. Nxd5 Qxd5 20. c4 Qc5 21.
a3 a5 22. Qg3 Rae8 23. Qe1 a4 24. exd6 Qxd6 25. Qc3+ f6 26. c5 Qc7 27. Be4 Rd8
28. Bxc6 Qxc6 29. Rfe1 Rfe8 30. h3 Rd5 31. b4 axb3 32. Qxb3 Kf7 33. Rc1 Re7 34.
Qb4 Red7 35. Qe4 Rd1+ 36. Rxd1 Rxd1+ 37. Kh2 Rc1 38. Qxc6 bxc6 39. Rb3 e5 40.
fxe5 fxe5 41. Rb7+ Kf6 42. Rxh7 Rxc5 43. Rc7 1/2-1/2

[Event "4NCL/Div3/HKFC vs. BRI2"]
[Site "Birmingham ENG"]
[Date "2005.11.20"]
[Round "4.5"]
[White "Forman, Karl L"]
[Black "Easton, Alex"]
[Result "1/2-1/2"]
[WhiteElo "2026"]
[BlackElo "2100"]
[PlyCount "75"]
[EventDate "2005.11.20"]
[EventType "team"]
[EventRounds "11"]
[EventCountry "ENG"]
[SourceDate "2005.10.25"]

1. e4 e6 2. d4 d5 3. e5 c5 4. c3 Qb6 5. Nf3 Nc6 6. Na3 cxd4 7. cxd4 Bxa3 8.
bxa3 Bd7 9. Be2 Nge7 10. O-O Nf5 11. Be3 O-O 12. Rb1 Qc7 13. Bd3 Nxe3 14. fxe3
f5 15. exf6 gxf6 16. Nh4 Rf7 17. Qh5 f5 18. Rf3 Rg7 19. Qh6 Nd8 20. Rbf1 Nf7
21. Qf4 Qc3 22. Be2 Kh8 23. Rg3 Rag8 24. Rxg7 Rxg7 25. Bh5 Ng5 26. Kh1 Ne4 27.
g4 Bb5 28. Qb8+ Rg8 29. Qe5+ Rg7 30. Nxf5 exf5 31. Qb8+ Rg8 32. Qe5+ Rg7 33.
Rxf5 Qe1+ 34. Kg2 Qe2+ 35. Kh1 Qe1+ 36. Kg2 Qe2+ 37. Kh1 Qe1+ 38. Kg2 1/2-1/2

[Event "4NCL/Div3/HKFC vs. BRI2"]
[Site "Birmingham ENG"]
[Date "2005.11.20"]
[Round "4.6"]
[White "Spiller, Paul"]
[Black "Stinton-Brownbridge, Michael"]
[Result "1-0"]
[WhiteElo "2000"]
[BlackElo "2000"]
[PlyCount "45"]
[EventDate "2005.11.20"]
[EventType "team"]
[EventRounds "11"]
[EventCountry "ENG"]
[SourceDate "2005.10.25"]

1. e4 c6 2. d4 d5 3. e5 Bf5 4. Nc3 e6 5. g4 Bg6 6. Nge2 c5 7. Be3 Ne7 8. h4 h6
9. Nf4 Bh7 10. Bd3 Bxd3 11. Qxd3 Nec6 12. Nh5 Nd7 13. f4 cxd4 14. Bxd4 g6 15.
Nf6+ Nxf6 16. exf6 Bd6 17. Rf1 h5 18. f5 Bg3+ 19. Qxg3 Nxd4 20. O-O-O gxf5 21.
Rxd4 hxg4 22. Nxd5 Kf8 23. Qa3+ 1-0

[Event "4NCL/Div3/HKFC vs. BRI2"]
[Site "Birmingham ENG"]
[Date "2005.11.20"]
[Round "4.7"]
[White "Bullock, Andrew"]
[Black "Hunt-Grubbe, Henry"]
[Result "1/2-1/2"]
[WhiteElo "1866"]
[BlackElo "1985"]
[PlyCount "117"]
[EventDate "2005.11.20"]
[EventType "team"]
[EventRounds "11"]
[EventCountry "ENG"]
[SourceDate "2005.10.25"]

1. c4 c6 2. Nc3 Nf6 3. g3 d5 4. cxd5 Nxd5 5. Bg2 Nxc3 6. bxc3 g6 7. Qb3 Bg7 8.
Nf3 O-O 9. O-O Nd7 10. Ba3 Re8 11. Ng5 e6 12. Ne4 Qb6 13. Rab1 Qxb3 14. Rxb3
Nb6 15. Nd6 Rd8 16. Nxc8 Raxc8 17. d3 Rd7 18. c4 c5 19. Rfb1 f5 20. Bc1 h6 21.
Ra3 Rcd8 22. Rxa7 Nxc4 23. Rbxb7 Rxb7 24. Rxb7 Nd6 25. Rc7 c4 26. dxc4 Ne8 27.
Re7 Bf8 28. Rxe6 Rd1+ 29. Bf1 Ng7 30. Rxg6 Rxc1 31. e3 Kh7 32. Ra6 Bb4 33. Rb6
Bc3 34. Kg2 Rc2 35. Rb1 Rxa2 36. c5 Bd2 37. Kf3 Rc2 38. Bd3 Rxc5 39. g4 Kg8 40.
h3 Ba5 41. Rb7 fxg4+ 42. hxg4 h5 43. Bg6 hxg4+ 44. Kxg4 Kf8 45. Rf7+ Kg8 46.
Re7 Bd8 47. Rd7 Rg5+ {=} 48. Kf3 Rxg6 49. Rxd8+ Kf7 50. Ra8 Ne6 51. Ra5 Ng5+
52. Ke2 Ne6 53. f4 Rg1 54. Kf3 Kf6 55. Ke4 Rf1 56. Ra6 Rf2 57. Kd3 Ke7 58. Ra1
Nxf4+ 59. exf4 1/2-1/2

[Event "4NCL/Div3/HKFC vs. BRI2"]
[Site "Birmingham ENG"]
[Date "2005.11.20"]
[Round "4.8"]
[White "Owens, Megan"]
[Black "Parmar, Jyoti"]
[Result "1/2-1/2"]
[WhiteElo "1645"]
[BlackElo "1625"]
[PlyCount "32"]
[EventDate "2005.11.20"]
[EventType "team"]
[EventRounds "11"]
[EventCountry "ENG"]
[SourceDate "2005.10.25"]

1. d4 d5 2. c4 c6 3. e3 Nf6 4. Nf3 Bf5 5. Nbd2 e6 6. b3 Bb4 7. Be2 Qa5 8. O-O
Nbd7 9. Ne5 Bc3 10. Nxd7 Nxd7 11. Rb1 Qxa2 12. e4 dxe4 13. Bb2 Bxb2 14. Qc2 e3
15. Rxb2 Qa3 16. Nb1 Bxc2 1/2-1/2

[Event "4NCL/Div3/SLOS2 vs. PPA2"]
[Site "Birmingham ENG"]
[Date "2005.11.20"]
[Round "4.1"]
[White "Tweedie, Steven"]
[Black "Goodger, Martyn"]
[Result "1/2-1/2"]
[WhiteElo "2224"]
[BlackElo "2162"]
[PlyCount "39"]
[EventDate "2005.11.20"]
[EventType "team"]
[EventRounds "11"]
[EventCountry "ENG"]
[SourceDate "2005.10.25"]

1. e4 e5 2. Nf3 Nf6 3. Nxe5 d6 4. Nf3 Nxe4 5. Qe2 Qe7 6. d3 Nf6 7. Bg5 Nbd7 8.
Nbd2 Qxe2+ 9. Bxe2 h6 10. Be3 g6 11. O-O-O Bg7 12. h3 Nb6 13. c4 O-O 14. d4 Bd7
15. Nb1 Rad8 16. Nc3 Na4 17. Nxa4 Bxa4 18. Rd3 Bd7 19. d5 Ne4 20. Nd4 1/2-1/2

[Event "4NCL/Div3/SLOS2 vs. PPA2"]
[Site "Birmingham ENG"]
[Date "2005.11.20"]
[Round "4.2"]
[White "McCorry, Rob"]
[Black "Ignacz, Maria"]
[Result "0-1"]
[WhiteElo "2080"]
[BlackElo "2286"]
[PlyCount "64"]
[EventDate "2005.11.20"]
[EventType "team"]
[EventRounds "11"]
[EventCountry "ENG"]
[SourceDate "2005.10.25"]

1. d4 Nf6 2. c4 e6 3. Nf3 b6 4. g3 Bb7 5. Bg2 Na6 6. Nc3 c5 7. O-O d6 8. Re1
Be7 9. e4 O-O 10. dxc5 Nxc5 11. Nd4 a6 12. b3 Qc7 13. Bb2 Rac8 14. Qe2 Rfe8 15.
Rad1 Ncd7 16. Rd2 Qb8 17. Red1 d5 18. cxd5 exd5 19. exd5 Bb4 20. Qd3 Ne5 21.
Qc2 Nxd5 22. Nde2 Nxc3 23. Nxc3 Bxg2 24. Kxg2 Qc7 25. Rc1 Qc6+ 26. Qe4 Qxe4+
27. Nxe4 Rxc1 28. Bxc1 Bxd2 29. Bxd2 Nd3 30. Kf3 Re6 31. Ke3 Nc5 32. f3 f5 0-1

[Event "4NCL/Div3/SLOS2 vs. PPA2"]
[Site "Birmingham ENG"]
[Date "2005.11.20"]
[Round "4.3"]
[White "Rees, Ioan"]
[Black "Winfridsson, Ola"]
[Result "1-0"]
[WhiteElo "2237"]
[BlackElo "2099"]
[PlyCount "45"]
[EventDate "2005.11.20"]
[EventType "team"]
[EventRounds "11"]
[EventCountry "ENG"]
[SourceDate "2005.10.25"]

1. d4 Nf6 2. c4 e6 3. Nc3 Bb4 4. e3 c5 5. Nge2 b6 6. a3 Ba5 7. Rb1 Qe7 8. Bd2
Na6 9. Nf4 Bb7 10. Be2 Bxc3 11. Bxc3 Ne4 12. Qc2 Nxc3 13. Qxc3 cxd4 14. exd4
Qf6 15. Qe3 O-O 16. O-O Rac8 17. b4 Nc7 18. Rb3 Qg5 19. Qd2 e5 20. dxe5 Ne6 21.
g3 Qxe5 22. Nd5 Nd4 23. Re3 1-0

[Event "4NCL/Div3/SLOS2 vs. PPA2"]
[Site "Birmingham ENG"]
[Date "2005.11.20"]
[Round "4.4"]
[White "Kemp, Paul"]
[Black "Williams, Samuel G"]
[Result "1-0"]
[WhiteElo "2125"]
[BlackElo "2227"]
[PlyCount "91"]
[EventDate "2005.11.20"]
[EventType "team"]
[EventRounds "11"]
[EventCountry "ENG"]
[SourceDate "2005.10.25"]

1. e4 c5 2. c3 Nf6 3. e5 Nd5 4. d4 cxd4 5. Nf3 Nc6 6. Bc4 Nb6 7. Bb3 d6 8. Bf4
dxe5 9. Nxe5 e6 10. Qf3 Nxe5 11. Bxe5 Qg5 12. Bxd4 Bd6 13. Nd2 f5 14. O-O-O O-O
15. Rhe1 Qe7 16. Qe3 Re8 17. Nf3 h6 18. Qd3 Bf4+ 19. Kb1 Kh7 20. g3 Bc7 21. g4
Qf8 22. gxf5 e5 23. Nh4 Qf6 24. Qg3 Bxf5+ 25. Nxf5 exd4 26. Qd3 g6 27. Nxd4
Rad8 28. Re4 Nd7 29. Rxe8 Rxe8 30. Qb5 Re7 31. Qd5 h5 32. Bc2 Nb6 33. Qg2 Nc4
34. Rg1 Ne5 35. a3 Rg7 36. Qxb7 Qxf2 37. Rg2 Qf1+ 38. Ka2 Bb6 39. Qe4 Qf6 40.
Re2 Nd7 41. Ne6 Rf7 42. Qd5 Kh8 43. Ng5 Rg7 44. Re8+ Nf8 45. Bb3 Bg1 46. Qa8
1-0

[Event "4NCL/Div3/SLOS2 vs. PPA2"]
[Site "Birmingham ENG"]
[Date "2005.11.20"]
[Round "4.5"]
[White "Taylor, Robert M"]
[Black "Retallick, Lloyd"]
[Result "1-0"]
[WhiteElo "2203"]
[BlackElo "2080"]
[PlyCount "73"]
[EventDate "2005.11.20"]
[EventType "team"]
[EventRounds "11"]
[EventCountry "ENG"]
[SourceDate "2005.10.25"]

1. e4 c6 2. d4 d5 3. f3 e6 4. Nc3 Bb4 5. Nge2 dxe4 6. fxe4 Nf6 7. a3 Be7 8. e5
Nd5 9. Nxd5 exd5 10. Ng3 c5 11. c3 Nc6 12. Be3 Qb6 13. Qd2 Na5 14. dxc5 Qe6 15.
Bb5+ Bd7 16. Bxd7+ Qxd7 17. Qf2 g6 18. O-O Qe6 19. b4 Nc4 20. Bd4 a6 21. Ne2
O-O 22. Nf4 Qd7 23. Rae1 Bg5 24. Qg3 Bxf4 25. Qxf4 Rae8 26. h4 Re6 27. Qg4 Nxa3
28. Re2 Nb5 29. Ref2 Nxd4 30. cxd4 h5 31. Qg5 Kg7 32. g4 hxg4 33. h5 Rc6 34.
Rf6 Rxf6 35. Qxf6+ Kh6 36. hxg6 Qe6 37. g7+ 1-0

[Event "4NCL/Div3/SLOS2 vs. PPA2"]
[Site "Birmingham ENG"]
[Date "2005.11.20"]
[Round "4.6"]
[White "Jeffries, Majid"]
[Black "Roberson, Peter T"]
[Result "1/2-1/2"]
[WhiteElo "2026"]
[BlackElo "2135"]
[PlyCount "43"]
[EventDate "2005.11.20"]
[EventType "team"]
[EventRounds "11"]
[EventCountry "ENG"]
[SourceDate "2005.10.25"]

1. c4 Nf6 2. Nc3 e5 3. g3 c6 4. d4 exd4 5. Qxd4 d5 6. Bg2 dxc4 7. Qxc4 Be7 8.
Nf3 O-O 9. O-O Nbd7 10. e4 Nb6 11. Qe2 Be6 12. Rd1 Qc8 13. Nd4 Bh3 14. f3 Bxg2
15. Kxg2 Rd8 16. Nf5 Re8 17. Nxe7+ Rxe7 18. Bg5 Qe6 19. Qf2 Rd7 20. Bxf6 Qxf6
21. Rxd7 Nxd7 22. Rd1 1/2-1/2

[Event "4NCL/Div3/SLOS2 vs. PPA2"]
[Site "Birmingham ENG"]
[Date "2005.11.20"]
[Round "4.8"]
[White "Mihajlova, Diana"]
[Black "Foster, James J"]
[Result "0-1"]
[WhiteElo "1595"]
[BlackElo "2068"]
[PlyCount "64"]
[EventDate "2005.11.20"]
[EventType "team"]
[EventRounds "11"]
[EventCountry "ENG"]
[SourceDate "2005.10.25"]

1. d4 d5 2. c4 Bf5 3. Nc3 e6 4. Nf3 c6 5. Bf4 Nf6 6. c5 Nbd7 7. Qd2 Be7 8. Ne5
Bg6 9. g4 Nxe5 10. Bxe5 Nxg4 11. O-O-O Nxf2 12. Bxg7 Nxd1 13. Nxd1 Bg5 14. e3
Rg8 15. Be5 Bh6 16. Nf2 Qg5 17. Bf4 Qf5 18. Bd3 Qf6 19. Bxh6 Bxd3 20. e4 Qf3
21. Re1 Rg2 22. Be3 Bxe4 23. Rf1 O-O-O 24. Qe1 Bg6 25. Bg5 Rxg5 26. Ne4 Qxe4
27. Qxe4 Bxe4 28. h4 Rg2 29. Rxf7 Rc2+ 30. Kd1 Rg8 31. Rf1 Rxb2 32. Ke1 Rb1+
0-1

[Event "4NCL/Div3/PPA1 vs. FCA1"]
[Site "Birmingham ENG"]
[Date "2005.11.20"]
[Round "4.1"]
[White "Dignam, Matthew"]
[Black "Hetey, Laszlo"]
[Result "0-1"]
[WhiteElo "2172"]
[BlackElo "2322"]
[PlyCount "100"]
[EventDate "2005.11.20"]
[EventType "team"]
[EventRounds "11"]
[EventCountry "ENG"]
[SourceDate "2005.10.25"]

1. Nf3 Nf6 2. g3 c5 3. Bg2 g6 4. O-O Bg7 5. Nc3 d5 6. d4 cxd4 7. Nxd4 e5 8. Nb3
d4 9. Ne4 Nxe4 10. Bxe4 O-O 11. e3 Nc6 12. exd4 exd4 13. Bf4 f5 14. Bxc6 bxc6
15. Qf3 Be6 16. Qxc6 Bd5 17. Qd6 Rc8 18. Rfd1 Qxd6 19. Bxd6 Rfd8 20. Ba3 Be4
21. c3 dxc3 22. bxc3 Bxc3 23. Rac1 Rxd1+ 24. Rxd1 Re8 25. Bc5 a5 26. f3 Bb7 27.
Rd3 Be1 28. Bf2 Ba6 29. Rd6 Bc4 30. Rc6 Bxf2+ 31. Kxf2 Re2+ 32. Kg1 Bd5 33. Rc5
Bxf3 34. Rxa5 Rg2+ 35. Kf1 Rxh2 36. Nd4 Be4 37. Ra7 h5 38. Ne6 Bd5 39. Nf4 Rh1+
40. Kf2 Rh2+ 41. Ke3 Bf7 42. a4 g5 43. Ne2 h4 44. Nd4 f4+ 45. gxf4 h3 46. Ra5
Rg2 47. Ra6 h2 48. Rh6 g4 49. Nf5 Be6 50. Nd4 Rg3+ 0-1

[Event "4NCL/Div3/PPA1 vs. FCA1"]
[Site "Birmingham ENG"]
[Date "2005.11.20"]
[Round "4.2"]
[White "Macdonald-Ross, Michael"]
[Black "Harley, Andrew"]
[Result "1/2-1/2"]
[WhiteElo "2233"]
[BlackElo "2239"]
[PlyCount "39"]
[EventDate "2005.11.20"]
[EventType "team"]
[EventRounds "11"]
[EventCountry "ENG"]
[SourceDate "2005.10.25"]

1. d4 e6 2. Nf3 Nf6 3. e3 b6 4. Bd3 Bb7 5. O-O d5 6. b3 Be7 7. Bb2 O-O 8. Nbd2
Nbd7 9. Qe2 c5 10. Ne5 Ne4 11. Rad1 cxd4 12. Nxd7 Qxd7 13. exd4 Nxd2 14. Qxd2
a5 15. Qe2 a4 16. c3 axb3 17. axb3 Ba3 {=} 18. Ra1 Bxb2 19. Qxb2 Qc6 20. Rxa8
1/2-1/2

[Event "4NCL/Div3/PPA1 vs. FCA1"]
[Site "Birmingham ENG"]
[Date "2005.11.20"]
[Round "4.3"]
[White "Posazhennikov, Alex"]
[Black "Reuben, Stewart"]
[Result "1-0"]
[WhiteElo "2235"]
[BlackElo "2142"]
[PlyCount "45"]
[EventDate "2005.11.20"]
[EventType "team"]
[EventRounds "11"]
[EventCountry "ENG"]
[SourceDate "2005.10.25"]

1. d4 Nf6 2. Nc3 c5 3. d5 g6 4. e4 d6 5. f4 Bg7 6. Nf3 O-O 7. Bc4 b5 8. Bxb5
Nxe4 9. Nxe4 Qa5+ 10. Nfd2 Qxb5 11. c4 Qb6 12. Rb1 Bf5 13. O-O Qa6 14. Qe2 Qxa2
15. g4 Bd7 16. f5 Be5 17. Nf3 f6 18. Nxe5 fxe5 19. Bh6 Rf7 20. fxg6 Rxf1+ 21.
Qxf1 Qxb1 22. Qxb1 hxg6 23. Ng5 1-0

[Event "4NCL/Div3/PPA1 vs. FCA1"]
[Site "Birmingham ENG"]
[Date "2005.11.20"]
[Round "4.4"]
[White "Smith, Graham"]
[Black "Morgan, Ben"]
[Result "0-1"]
[WhiteElo "2138"]
[BlackElo "2250"]
[PlyCount "84"]
[EventDate "2005.11.20"]
[EventType "team"]
[EventRounds "11"]
[EventCountry "ENG"]
[SourceDate "2005.10.25"]

1. e4 e6 2. b3 b6 3. Bb2 Bb7 4. Nc3 d5 5. exd5 exd5 6. Bb5+ c6 7. Bd3 Nf6 8.
Nf3 Be7 9. Qe2 O-O 10. O-O-O Re8 11. Qf1 Nbd7 12. Rg1 c5 13. Ba6 Qc8 14. Bxb7
Qxb7 15. d4 Rac8 16. dxc5 Rxc5 17. Qd3 Rec8 18. Rge1 Bf8 19. Nd4 a6 20. h3 b5
21. f3 Qc7 22. Nce2 Qa5 23. Kb1 R5c7 24. Rc1 Bb4 25. c3 Ba3 26. Nf5 Rb8 27. b4
Qa4 28. Qc2 Bxb2 29. Qxa4 bxa4 30. Kxb2 Ne5 31. Nf4 Nc4+ 32. Kc2 Kf8 33. Rcd1
a5 34. bxa5 Rb2+ 35. Kd3 Nxa5 36. Re2 Nc4 37. Rde1 a3 38. Nxd5 Rxe2 39. Nxc7
Rxe1 40. Kxc4 Rb1 41. Nb5 Rb2 42. g3 Rxa2 0-1

[Event "4NCL/Div3/PPA1 vs. FCA1"]
[Site "Birmingham ENG"]
[Date "2005.11.20"]
[Round "4.5"]
[White "Toothill, John"]
[Black "Freeman, Richard C P"]
[Result "1/2-1/2"]
[WhiteElo "2174"]
[BlackElo "2088"]
[PlyCount "35"]
[EventDate "2005.11.20"]
[EventType "team"]
[EventRounds "11"]
[EventCountry "ENG"]
[SourceDate "2005.10.25"]

1. c4 g6 2. Nc3 Bg7 3. g3 e5 4. Bg2 Ne7 5. Nf3 O-O 6. d4 exd4 7. Nxd4 Nbc6 8.
Nxc6 Nxc6 9. O-O d6 10. Be3 Ne5 11. b3 Nxc4 12. bxc4 Bxc3 13. Rb1 c6 14. Qd3
Be5 15. Bh6 Bg7 16. Bf4 Be5 17. Bh6 Bg7 18. Bf4 1/2-1/2